| 000 | 01310nam0a2200349 4500 | ||
|---|---|---|---|
| 001 | RU\NLR\bibl\223420 | ||
| 005 | 20260405183519.0 | ||
| 010 |
_a5-93357-014-1 _bВ пер. _96000 |
||
| 021 |
_aRU _b2001-38686 _91835 |
||
| 035 | _a(NLR Aleph) 000219462 | ||
| 090 |
_a1275330 _c1275330 |
||
| 100 | _a20020108d2001 |||y0rusy50 ca | ||
| 101 | 0 | _arus | |
| 102 | _aRU | ||
| 105 | _aa ||||||||| | ||
| 200 | 1 |
_aЭнциклопедия комнатного цветоводства _f[Сост. Б. Н. Головкин] |
|
| 210 |
_aМ. _cНарод. творчество _d2001 |
||
| 215 |
_a294,[1] с. _cил., цв. ил. _d27 |
||
| 320 | _aУказ. латин. названий: с. 287-294 | ||
| 606 | 0 |
_aКомнатное цветоводство _jСправочники _91344292 _3RU\NLR\auth\66560763 |
|
| 606 | 0 | _aЦветоводство комнатное - Энциклопедии | |
| 675 |
_a635.915(031) _v3 _zrus |
||
| 686 |
_a68.35 _2rugasnti |
||
| 686 |
_a42.374я2 _2rubbk |
||
| 686 | _aП274-455.5я2 | ||
| 701 | 1 |
_4220 _8rus _7ca _aГоловкин _bБ. Н. _f1934- _gБорис Николаевич _3RU\NLR\auth\7780109 _963037 |
|
| 801 | 0 |
_aRU _bRKP _c20020108 _gPSBO |
|
| 801 | 1 |
_aRU _bRKP _c20020108 |
|
| 801 | 2 |
_aRU _bNLR _c20090909 _grcr |
|
| 942 | _cBOOK | ||
| 980 | _aNB | ||